| 000 | 00374nam a22001457a 4500 | ||
|---|---|---|---|
| 003 | SGT | ||
| 020 | _a9350289091 | ||
| 082 |
_a 347.05 _bSIN |
||
| 100 | _aAVTAR SINGH | ||
| 245 | _aLAW RELATING TO ARBITRATION CONCILIATION AND ALTERNATIVE DISPUTES RESOLUTION | ||
| 260 |
_aLUCKNOW _bEASTERN BOOK COMPANY _c2013 |
||
| 300 | _a400 | ||
| 650 | _a ARBITRATION | ||
| 942 |
_2ddc _cBK |
||
| 999 |
_c16623 _d16623 |
||